[Event "Rhein Main op-A 25th"]
[Site "Bad Homburg"]
[Date "2023.06.10"]
[Round "5"]
[White "Mayer, Frank1111"]
[Black "Wachsmann, Elmar"]
[Result "0-1"]
[WhiteElo "2111"]
[BlackElo "1842"]
[PlyCount "50"]
[EventDate "2023.06.07"]
[EventType "swiss"]
[EventRounds "7"]
[EventCountry "GER"]
[SourceTitle "CBM 215 Extra"]
[Source "ChessBase"]
[SourceDate "2023.09.30"]
[SourceVersion "1"]
[SourceVersionDate "2023.09.30"]
[SourceQuality "1"]

1. e4 e5 2. Nc3 Nf6 3. d4 exd4 4. Qxd4 Nc6 5. Qd3 Bb4 6. Bd2 0-0 7. 0-0-0 Re8 8. Nge2 d6 9. Bg5 h6 10. Bxf6 Qxf6 11. Nd5 Qd8 12. f4 Bg4 13. h3 Bxe2 14. Bxe2 Bc5 15. Bf3 a5 16. c3 Ne7 17. Nxe7+ Qxe7 18. Rhe1 Qh4 19. g4 Qg3 20. f5 Re5 21. Kb1 Rae8 22. Rf1 d5 23. exd5 Re3 24. Qc4 Rxf3 25. Qxc5 Rxf1 0-1

[Event "Rhein Main op-A 25th"]
[Site "Bad Homburg"]
[Date "2023.06.08"]
[Round "2"]
[White "Oezdemir, Ali Oezden"]
[Black "Wachsmann, Elmar"]
[Result "1/2-1/2"]
[WhiteElo "2037"]
[BlackElo "1842"]
[PlyCount "104"]
[EventDate "2023.06.07"]
[EventType "swiss"]
[EventRounds "7"]
[EventCountry "GER"]
[SourceTitle "CBM 215 Extra"]
[Source "ChessBase"]
[SourceDate "2023.09.30"]
[SourceVersion "1"]
[SourceVersionDate "2023.09.30"]
[SourceQuality "1"]

1. e4 e5 2. Nf3 Nc6 3. Bb5 a6 4. Ba4 Nf6 5. 0-0 Be7 6. Re1 b5 7. Bb3 0-0 8. a4 b4 9. d4 d6 10. dxe5 Nxe5 11. Bf4 Ng6 12. Bg3 Bb7 13. Nbd2 Nh5 14. Nc4 Nxg3 15. hxg3 Bf6 16. Na5 Qc8 17. Nd4 Ne7 18. Rb1 Rd8 19. Qd2 Rb8 20. Nxb7 Qxb7 21. g4 h6 22. Nf3 Ng6 23. g5 hxg5 24. Nxg5 Ne5 25. Qf4 c5 26. Bd5 Qe7 27. Nh3 b3 28. Qd2 bxc2 29. Qxc2 Rb4 30. Nf4 Ng4 31. Qe2 Qd7 32. b3 Bd4 33. Nd3 Rbb8 34. Qf3 Rf8 35. g3 g6 36. Kg2 Kg7 37. Rh1 Nf6 38. Bc4 Rbe8 39. Rbe1 Rh8 40. Bxa6 Rxh1 41. Rxh1 Rxe4 42. Nf4 d5 43. Bd3 Re5 44. Ne2 Bb2 45. Qf4 Rh5 46. Rxh5 Nxh5 47. Qd2 Be5 48. Qe3 Bd6 49. Bb5 Qb7 50. Qf3 Nf6 51. Nf4 Bb8 52. Qe3 Bd6 1/2-1/2

[Event "Heusenstamm Schloss op"]
[Site "Heusenstamm"]
[Date "2022.11.17"]
[Round "1"]
[White "Wachsmann, Elmar"]
[Black "Weber, Samuel"]
[Result "0-1"]
[WhiteElo "1858"]
[BlackElo "2198"]
[PlyCount "50"]
[EventDate "2022.11.17"]
[EventType "swiss"]
[EventRounds "7"]
[EventCountry "GER"]
[SourceTitle "CBM 212 Extra"]
[Source "ChessBase"]
[SourceDate "2023.03.31"]
[SourceVersion "1"]
[SourceVersionDate "2023.03.31"]
[SourceQuality "1"]

1. d4 Nf6 2. c4 e6 3. Nc3 Bb4 4. e3 0-0 5. Bd3 c5 6. Nf3 d5 7. 0-0 cxd4 8. exd4 dxc4 9. Bxc4 b6 10. Qe2 Bb7 11. Rd1 Bxc3 12. bxc3 Qc7 13. Bd3 Qxc3 14. Bb2 Qc7 15. d5 Bxd5 16. Bxf6 gxf6 17. Bxh7+ Kxh7 18. Ng5+ Kh6 19. Rd3 fxg5 20. Rh3+ Kg6 21. f4 Kf6 22. fxg5+ Ke7 23. g6 Rg8 24. Rh7 Qc5+ 25. Kh1 Rxg6 0-1

[Event "Erfurt op-B 29th"]
[Site "Erfurt"]
[Date "2019.12.27"]
[Round "2"]
[White "Wachsmann, Elmar"]
[Black "Schieferstein, Michael"]
[Result "1/2-1/2"]
[WhiteElo "1784"]
[BlackElo "1988"]
[PlyCount "112"]
[EventDate "2019.12.26"]
[EventType "swiss"]
[EventRounds "8"]
[EventCountry "GER"]
[SourceTitle "EXT 2021"]
[Source "ChessBase"]
[SourceDate "2020.10.23"]
[SourceVersion "1"]
[SourceVersionDate "2020.10.23"]
[SourceQuality "1"]

1. d4 Nf6 2. c4 d6 3. Nf3 Nbd7 4. Nc3 e5 5. e4 Be7 6. Be2 0-0 7. 0-0 c6 8. d5 Nc5 9. Qc2 cxd5 10. cxd5 Bg4 11. b4 Ncd7 12. Be3 Ne8 13. h3 Bxf3 14. Bxf3 Bg5 15. Nd1 g6 16. Rc1 Nb6 17. Qb3 Bxe3 18. Nxe3 Nf6 19. Rc3 a5 20. a3 axb4 21. axb4 Qd7 22. Rfc1 Qa4 23. Qb2 Rfc8 24. Nc4 Rxc4 25. Rxc4 Nxc4 26. Rxc4 Qa1+ 27. Qxa1 Rxa1+ 28. Kh2 Rb1 29. g3 b5 30. Rc6 Rxb4 31. Rxd6 Nxe4 32. Bxe4 Rxe4 33. Rb6 b4 34. h4 Kf8 35. d6 Ke8 36. Rb7 h5 37. Re7+ Kf8 38. Rb7 Rd4 39. d7 Ke7 40. Kg2 e4 41. Kf1 f6 42. Ke2 f5 43. Ke1 Rxd7 44. Rxb4 Rd3 45. Ra4 Rf3 46. Ke2 Kf6 47. Ra6+ Kg7 48. Ra7+ Kh6 49. Ra6 f4 50. Rf6 fxg3 51. Rxf3 exf3+ 52. Kxf3 gxf2 53. Kxf2 Kg7 54. Kf3 Kf7 55. Ke3 Ke7 56. Ke4 Ke6 1/2-1/2

[Event "Heusenstamm Sparkassen op-A 6th"]
[Site "Heusenstamm"]
[Date "2019.11.21"]
[Round "1"]
[White "Ochs, Daniel Elias"]
[Black "Wachsmann, Elmar"]
[Result "1-0"]
[WhiteElo "2055"]
[BlackElo "1777"]
[PlyCount "65"]
[EventDate "2019.11.21"]
[EventType "swiss"]
[EventRounds "7"]
[EventCountry "GER"]
[SourceTitle "CBM 194 Extra"]
[Source "ChessBase"]
[SourceDate "2020.03.31"]
[SourceVersion "1"]
[SourceVersionDate "2020.03.31"]
[SourceQuality "1"]

1. d4 d5 2. c4 e6 3. Nf3 Nf6 4. e3 c5 5. a3 cxd4 6. exd4 Be7 7. Nc3 0-0 8. Bd3 a6 9. c5 b6 10. b4 bxc5 11. bxc5 Qc7 12. 0-0 Nc6 13. Re1 Bb7 14. Bg5 Rfd8 15. Rb1 Na5 16. Ne5 Nc4 17. Qb3 Ra7 18. Bxc4 dxc4 19. Qxc4 Nd5 20. Bxe7 Qxe7 21. c6 Ba8 22. Nxd5 exd5 23. Qa4 Qd6 24. Rec1 Rc8 25. Rc5 Rac7 26. Qxa6 f6 27. Nd3 Kf7 28. Nb4 Qe6 29. h3 Qe4 30. Rbc1 Qxd4 31. Nxd5 Rxc6 32. Rxc6 Qxd5 33. Qxc8 1-0

[Event "Wiesbaden op 31st"]
[Site "Wiesbaden"]
[Date "2019.08.23"]
[Round "3"]
[White "Bakiev, Diyor"]
[Black "Wachsmann, Elmar"]
[Result "1-0"]
[WhiteElo "2014"]
[BlackElo "1783"]
[PlyCount "71"]
[EventDate "2019.08.22"]
[EventType "swiss"]
[EventRounds "7"]
[EventCountry "GER"]
[SourceTitle "EXT 2020"]
[Source "ChessBase"]
[SourceDate "2019.10.17"]
[SourceVersion "1"]
[SourceVersionDate "2019.10.17"]
[SourceQuality "1"]

1. e4 e5 2. Nf3 Nc6 3. Bb5 a6 4. Ba4 Nf6 5. Qe2 b5 6. Bb3 Be7 7. 0-0 d6 8. c3 Na5 9. Bc2 c5 10. d3 0-0 11. Rd1 Qc7 12. h3 Bd7 13. Nbd2 Rac8 14. Nf1 Nc6 15. g4 g6 16. Ng3 b4 17. Kh2 Nd8 18. Bh6 Bxg4 19. Bxf8 Bxf3 20. Qxf3 Kxf8 21. Bb3 bxc3 22. bxc3 Qd7 23. a4 h5 24. Bc4 Ra8 25. Qe3 Nh7 26. Qh6+ Kg8 27. Qxg6+ Kh8 28. Qxh5 Bg5 29. Nf5 Ne6 30. Rg1 Rb8 31. Bxe6 Bf4+ 32. Kh1 fxe6 33. Rg7 Qxg7 34. Nxg7 Kxg7 35. Rg1+ Kh8 36. Qg6 1-0

[Event "Wiesbaden op 31st"]
[Site "Wiesbaden"]
[Date "2019.08.23"]
[Round "2"]
[White "Wachsmann, Elmar"]
[Black "Hedrich, Gerd Ernst"]
[Result "1-0"]
[WhiteElo "1783"]
[BlackElo "1472"]
[PlyCount "79"]
[EventDate "2019.08.22"]
[EventType "swiss"]
[EventRounds "7"]
[EventCountry "GER"]
[SourceTitle "EXT 2020"]
[Source "ChessBase"]
[SourceDate "2019.10.17"]
[SourceVersion "1"]
[SourceVersionDate "2019.10.17"]
[SourceQuality "1"]

1. d4 d5 2. c4 e6 3. Nc3 Nf6 4. cxd5 exd5 5. Bg5 Bb4 6. e3 c6 7. Bd3 Be6 8. Qc2 h6 9. Bh4 Nbd7 10. Nge2 Bd6 11. f3 Qc7 12. e4 dxe4 13. fxe4 Nh5 14. Bf2 Nf4 15. Nxf4 Bxf4 16. g3 Bg5 17. h4 Be7 18. 0-0-0 a6 19. Kb1 Nf6 20. Rhe1 0-0 21. e5 Ng4 22. Bg1 h5 23. Ne4 Qa5 24. b3 Qd8 25. Qc1 Re8 26. Ng5 Bxg5 27. hxg5 g6 28. Rf1 Bd5 29. Be3 Re6 30. Bd2 a5 31. Rf4 Qe7 32. Rdf1 Rf8 33. Bxa5 Qxg5 34. Bb4 Nh2 35. Bxf8 Nxf1 36. Qxf1 Kxf8 37. Rxf7+ Ke8 38. Rxb7 Re7 39. Rb8+ Kd7 40. Qf8 1-0

[Event "Hofheim Spring op-B 7th"]
[Site "Hofheim"]
[Date "2019.04.27"]
[Round "8"]
[White "Engel, Jan"]
[Black "Wachsmann, Elmar"]
[Result "1-0"]
[WhiteElo "1881"]
[BlackElo "1740"]
[PlyCount "63"]
[EventDate "2019.04.23"]
[EventType "swiss"]
[EventRounds "9"]
[EventCountry "GER"]
[SourceTitle "CBM 190 Extra"]
[Source "ChessBase"]
[SourceDate "2019.07.15"]
[SourceVersion "1"]
[SourceVersionDate "2019.07.15"]
[SourceQuality "1"]

1. d4 d5 2. c4 e6 3. Nc3 Nf6 4. cxd5 exd5 5. Bg5 c6 6. e3 Be7 7. Bd3 0-0 8. Nge2 Nbd7 9. Qc2 Re8 10. 0-0 Nf8 11. f3 b5 12. Rae1 a6 13. h3 Bb7 14. Kh1 c5 15. dxc5 Bxc5 16. Nd4 Rc8 17. Qd2 Qb6 18. Bb1 Nh5 19. Bh4 Ng6 20. Bf2 Rcd8 21. Rc1 Bd6 22. Nce2 Bb8 23. Nf5 Qe6 24. Ned4 Qd7 25. g4 Nf6 26. Kg2 Kh8 27. h4 Ng8 28. h5 N6e7 29. Nxe7 Nxe7 30. h6 g6 31. Qc3 Rc8 32. Nc6+ 1-0

[Event "Hofheim Spring op-B 7th"]
[Site "Hofheim"]
[Date "2019.04.26"]
[Round "6"]
[White "Eckert, Michael"]
[Black "Wachsmann, Elmar"]
[Result "0-1"]
[WhiteElo "1558"]
[BlackElo "1740"]
[PlyCount "63"]
[EventDate "2019.04.23"]
[EventType "swiss"]
[EventRounds "9"]
[EventCountry "GER"]
[SourceTitle "CBM 190 Extra"]
[Source "ChessBase"]
[SourceDate "2019.07.15"]
[SourceVersion "1"]
[SourceVersionDate "2019.07.15"]
[SourceQuality "1"]

1. c4 e6 2. d4 d5 3. e3 Nf6 4. Nf3 c5 5. Nc3 a6 6. g3 Nc6 7. dxc5 Bxc5 8. cxd5 exd5 9. Bg2 0-0 10. 0-0 Bg4 11. b3 Qd7 12. Bb2 Rad8 13. h3 Bxh3 14. Na4 Be7 15. Nb6 Qg4 16. Ne5 Qe6 17. Nd3 Bxg2 18. Kxg2 Qe4+ 19. Kg1 Ng4 20. Qe2 d4 21. Rad1 Nge5 22. Nxe5 Nxe5 23. f4 d3 24. Rxd3 Qxd3 25. Qxd3 Nxd3 26. Bd4 Nb4 27. Rc1 Nc6 28. Kf2 Nxd4 29. exd4 Rxd4 30. Rc7 Bd8 31. Rxb7 Bxb6 32. Rxb6 0-1

[Event "Hofheim Spring op-B 7th"]
[Site "Hofheim"]
[Date "2019.04.26"]
[Round "7"]
[White "Wachsmann, Elmar"]
[Black "Fuell, Klaus Dieter"]
[Result "1-0"]
[WhiteElo "1740"]
[BlackElo "1813"]
[PlyCount "127"]
[EventDate "2019.04.23"]
[EventType "swiss"]
[EventRounds "9"]
[EventCountry "GER"]
[SourceTitle "CBM 190 Extra"]
[Source "ChessBase"]
[SourceDate "2019.07.15"]
[SourceVersion "1"]
[SourceVersionDate "2019.07.15"]
[SourceQuality "1"]

1. d4 d5 2. c4 c6 3. Nc3 Bf5 4. Nf3 e6 5. e3 Bd6 6. Be2 Nf6 7. 0-0 Nbd7 8. Nh4 Bg6 9. Nxg6 hxg6 10. g3 Ne4 11. Nxe4 dxe4 12. Qc2 f5 13. f3 Rxh2 14. f4 Rh7 15. c5 Bc7 16. Qb3 Kf7 17. Qxb7 Rc8 18. Bd2 g5 19. Kg2 gxf4 20. exf4 Rb8 21. Qa6 Rxb2 22. Bc3 Rb8 23. Qxc6 Nf6 24. Bc4 Nd5 25. Bxd5 exd5 26. Rab1 Rh6 27. Qa4 e3 28. Qc2 g6 29. Qd3 Qe7 30. Rbe1 Qe4+ 31. Qxe4 fxe4 32. Rh1 Rbh8 33. Rxh6 Rxh6 34. Rxe3 g5 35. fxg5 Ra6 36. Re2 Kg6 37. Rb2 Kxg5 38. Be1 Kg4 39. Rc2 Ra3 40. Re2 Bxg3 41. Bxg3 Rxg3+ 42. Kf2 Rc3 43. Re3 Rc2+ 44. Re2 Rc4 45. Rd2 Kf4 46. Re2 Rc3 47. Rb2 e3+ 48. Ke2 Ke4 49. Rb3 Rc2+ 50. Kd1 Rc4 51. Ke2 Kxd4 52. Rd3+ Kxc5 53. Kxe3 Ra4 54. Rc3+ Kd6 55. Rc2 Ke5 56. Rb2 Rh4 57. Rg2 Rh3+ 58. Kd2 Ra3 59. Kd1 d4 60. Rg5+ Ke4 61. Rg2 d3 62. Rh2 Kd4 63. Rh7 Ra4 64. Rh4+ 1-0

[Event "Pfalz op-B 10th"]
[Site "Neustadt an der Weinstrasse"]
[Date "2019.03.04"]
[Round "7"]
[White "Wachsmann, Elmar"]
[Black "Toenjes, Juergen"]
[Result "1/2-1/2"]
[WhiteElo "1740"]
[BlackElo "1837"]
[PlyCount "82"]
[EventDate "2019.03.01"]
[EventType "swiss"]
[EventRounds "7"]
[EventCountry "GER"]
[SourceTitle "CBM 189 Extra"]
[Source "ChessBase"]
[SourceDate "2019.06.03"]
[SourceVersion "1"]
[SourceVersionDate "2019.06.03"]
[SourceQuality "1"]

1. d4 d5 2. c4 c6 3. Nc3 e5 4. dxe5 d4 5. Ne4 Qa5+ 6. Bd2 Qxe5 7. Ng3 Nf6 8. Nf3 Qd6 9. e3 dxe3 10. Bxe3 Qxd1+ 11. Rxd1 Bb4+ 12. Bd2 Bxd2+ 13. Rxd2 0-0 14. Be2 Bg4 15. 0-0 Nbd7 16. Rfd1 Nc5 17. h3 Bxf3 18. Bxf3 g6 19. b4 Ne6 20. b5 cxb5 21. cxb5 Rab8 22. Ne4 Nxe4 23. Bxe4 Rfd8 24. Bd5 Rd6 25. Bxe6 Rxe6 26. Rd7 a6 27. a4 axb5 28. axb5 Rb6 29. R1d5 Rf6 30. R5d6 Rxd6 31. Rxd6 b6 32. Rd7 Kg7 33. g4 h6 34. Kg2 Kf6 35. Rc7 Re8 36. Kf3 Re5 37. Rc6+ Re6 38. Rc4 Re5 39. Rc6+ Re6 40. Rc4 Re5 41. Rc6+ Re6 1/2-1/2

[Event "Heusenstamm Sparkassen op-B 4th"]
[Site "Heusenstamm"]
[Date "2017.11.24"]
[Round "3"]
[White "Wachsmann, Elmar"]
[Black "Goodwin, David"]
[Result "1/2-1/2"]
[WhiteElo "1665"]
[BlackElo "1536"]
[PlyCount "64"]
[EventDate "2017.11.23"]
[EventType "swiss"]
[EventRounds "7"]
[EventCountry "GER"]
[SourceTitle "EXT 2019"]
[Source "ChessBase"]
[SourceDate "2018.10.10"]
[SourceVersion "1"]
[SourceVersionDate "2018.10.10"]
[SourceQuality "1"]

1. d4 g6 2. Nf3 Bg7 3. Bf4 d6 4. e3 Nd7 5. c3 a6 6. Nbd2 b5 7. Be2 Bb7 8. a4 bxa4 9. Qxa4 Ngf6 10. 0-0 0-0 11. Bg3 Nb6 12. Qc2 Nfd7 13. Ra3 c5 14. Rfa1 Qc8 15. Qb1 c4 16. e4 e5 17. Qf1 exd4 18. Nxd4 Ne5 19. Nc2 Bh6 20. Bxe5 dxe5 21. Nxc4 Nxc4 22. Bxc4 Bxe4 23. Nb4 Rd8 24. Bxa6 Qf5 25. f3 Be3+ 26. Kh1 Bc2 27. Nxc2 Qxc2 28. Bd3 Rxd3 29. Rxa8+ Kg7 30. R8a3 Rd2 31. c4 Rf2 32. Qg1 Bd4 1/2-1/2

[Event "Wiesbaden op 29th"]
[Site "Wiesbaden"]
[Date "2017.08.27"]
[Round "6"]
[White "Hinz, Andre"]
[Black "Wachsmann, Elmar"]
[Result "1/2-1/2"]
[WhiteElo "1696"]
[BlackElo "1604"]
[PlyCount "93"]
[EventDate "2017.08.24"]
[EventType "swiss"]
[EventRounds "7"]
[EventCountry "GER"]
[SourceTitle "CBM 180 Extra"]
[Source "ChessBase"]
[SourceDate "2017.10.06"]
[SourceVersion "1"]
[SourceVersionDate "2017.10.06"]
[SourceQuality "1"]

1. c4 Nf6 2. g3 c6 3. Bg2 d5 4. Nf3 Bf5 5. 0-0 e6 6. cxd5 cxd5 7. d3 h6 8. Bf4 Be7 9. Qb3 Qc8 10. Nc3 a6 11. Rfc1 Nc6 12. Ne5 0-0 13. Na4 Ra7 14. Be3 d4 15. Nxc6 bxc6 16. Rxc6 Qd7 17. Bd2 e5 18. Qc2 Qd8 19. Nc5 Nd7 20. Nb3 Nb8 21. Ba5 Qe8 22. Rc7 Rxc7 23. Qxc7 Bf6 24. Rc1 Qa4 25. Qb7 Qxa2 26. Bc7 Nd7 27. Bd6 Rd8 28. Ba3 Rb8 29. Rc8+ Rxc8 30. Qxc8+ Kh7 31. Qc2 Be6 32. Be4+ g6 33. Nd2 Bg5 34. Nf3 Bf6 35. h4 Qa1+ 36. Kh2 Qf1 37. e3 Bg7 38. Ng1 Nf6 39. Bf3 h5 40. Qe2 Qxe2 41. Nxe2 Ng4+ 42. Bxg4 Bxg4 43. Ng1 e4 44. dxe4 dxe3 45. fxe3 Be5 46. Kg2 Kg7 47. Nh3 1/2-1/2

[Event "Wiesbaden op 29th"]
[Site "Wiesbaden"]
[Date "2017.08.26"]
[Round "5"]
[White "Wachsmann, Elmar"]
[Black "Hipler, Andreas"]
[Result "0-1"]
[WhiteElo "1604"]
[BlackElo "1884"]
[PlyCount "80"]
[EventDate "2017.08.24"]
[EventType "swiss"]
[EventRounds "7"]
[EventCountry "GER"]
[SourceTitle "CBM 180 Extra"]
[Source "ChessBase"]
[SourceDate "2017.10.06"]
[SourceVersion "1"]
[SourceVersionDate "2017.10.06"]
[SourceQuality "1"]

1. d4 Nf6 2. Nf3 e6 3. Bg5 Be7 4. e3 0-0 5. Bd3 b6 6. 0-0 Bb7 7. Nbd2 d6 8. c3 Nbd7 9. Rc1 e5 10. Qc2 h6 11. Bh4 Nh5 12. Bxe7 Qxe7 13. b4 d5 14. Be2 e4 15. Ne5 Nxe5 16. Bxh5 Nd7 17. Qb3 b5 18. a4 a6 19. Qc2 g6 20. Be2 c6 21. Nb3 Bc8 22. Ra1 Nb6 23. axb5 axb5 24. Rxa8 Nxa8 25. Ra1 Nb6 26. Na5 Qc7 27. h4 f5 28. g3 Bd7 29. Kg2 g5 30. hxg5 hxg5 31. Rg1 f4 32. gxf4 gxf4 33. Kf1+ Kf7 34. Bh5+ Ke7 35. Rg6 fxe3 36. f3 exf3 37. Rg7+ Kd8 38. Qg6 Bh3+ 39. Ke1 f2+ 40. Kd1 f1Q+ 0-1